[Event "Berlin-ch Seniors op 37th"]
[Site "Berlin"]
[Date "2021.06.10"]
[Round "3"]
[White "Becker, Werner"]
[Black "Schoenfeld, Anke"]
[Result "1/2-1/2"]
[WhiteElo "1772"]
[BlackElo "1570"]
[PlyCount "83"]
[EventDate "2021.06.08"]
[EventType "swiss"]
[EventRounds "9"]
[EventCountry "GER"]
[SourceTitle "EXT 2022"]
[Source "ChessBase"]
[SourceDate "2021.10.06"]
[SourceVersion "1"]
[SourceVersionDate "2021.10.06"]
[SourceQuality "1"]

1. d4 d5 2. Nf3 e6 3. c4 Be7 4. Nc3 Nf6 5. e3 a6 6. a3 b6 7. cxd5 Nxd5 8. Bd2 Bb7 9. Be2 Nd7 10. Nxd5 Bxd5 11. Bc3 Nf6 12. 0-0 0-0 13. Nd2 a5 14. Bf3 Bxf3 15. Nxf3 Ne4 16. Qd3 Nxc3 17. Qxc3 c5 18. Rfd1 cxd4 19. Rxd4 Qe8 20. Qb3 Bc5 21. Rd3 Qe7 22. Ne5 Qc7 23. Nd7 Rfd8 24. Rad1 Rdc8 25. Qb5 h6 26. Rc1 Qa7 27. Rdc3 Rd8 28. Nxc5 bxc5 29. Qxc5 Qb7 30. b3 Qd7 31. h3 Qd2 32. R3c2 Qd3 33. Rc3 Qd2 34. R3c2 Qd3 35. Qc3 Qd6 36. a4 Qd5 37. Qc4 Qd6 38. Kf1 Rdb8 39. Rc3 Qh2 40. Qc7 Qh1+ 41. Ke2 Qxg2 42. Qg3 1/2-1/2